| 000 | 00785cam a2200301 i 4500 | ||
|---|---|---|---|
| 001 | 0000588 | ||
| 003 | DO-SdBNP | ||
| 005 | 20160829095016.0 | ||
| 007 | 0000588 | ||
| 008 | 100514s 2010 mx | |||| 000 f spa | ||
| 015 | _a | ||
| 017 |
_a _b |
||
| 020 | _a9786071105004 | ||
| 035 | _a | ||
| 040 |
_aBPMSU _bspa _cBPMSU _e |
||
| 080 | _a | ||
| 082 |
_a133.3 _bR956t |
||
| 100 | 1 |
_aRuzo, Daniel, _d1900- |
|
| 245 | 1 | 2 |
_aEl testamento auténtico de Nostradamus / _cDaniel Ruzo |
| 260 |
_aMéxico: _bSantillana ediciones generales, _c2010. |
||
| 300 |
_a597 p.: _c19 cm |
||
| 490 | 1 |
_aPunto de lectura _v348 / 1 |
|
| 600 | 0 |
_aNostradamus _d1503-1566 |
|
| 650 | _aProfesías | ||
| 830 | 0 |
_aPunto de lectura _n348 / 1 |
|
| 942 |
_2ddc _cBK |
||
| 956 |
_aYLOCKWARD _810 _cBPMSU |
||
| 999 |
_c11106 _d11106 |
||